Catálogo
 En Linea

La dominación haitiana 1822-1844 / (Registro nro. 42061)

Detalles MARC
000 -CABECERA
campo de control de longitud fija 01477nam a2200301 a 4500
001 - NÚMERO DE CONTROL
campo de control 000042572
003 - IDENTIFICADOR DEL NÚMERO DE CONTROL
campo de control DO-SdBNP
005 - FECHA Y HORA DE LA ÚLTIMA TRANSACCIÓN
campo de control 20260305073951.0
007 - CAMPO FIJO DE DESCRIPCIÓN FÍSICA--INFORMACIÓN GENERAL
campo de control de longitud fija ta
008 - DATOS DE LONGITUD FIJA--INFORMACIÓN GENERAL
campo de control de longitud fija 140128s2013 dr 001 0 spa d
020 ## - NÚMERO INTERNACIONAL ESTÁNDAR DEL LIBRO
Número Internacional Estándar del Libro 9789993439646
040 ## - FUENTE DE LA CATALOGACIÓN
Centro catalogador/agencia de origen DO-SdBNP
Lengua de catalogación spa
Centro/agencia transcriptor BNPHU
082 #4 - NÚMERO DE LA CLASIFICACIÓN DECIMAL DEWEY
Número de clasificación 972.9304
Número de documento/Ítem M938d, 2013
Número de edición 22
100 1# - ENTRADA PRINCIPAL--NOMBRE DE PERSONA
Nombre de persona Moya Pons, Frank,
Fechas asociadas al nombre 1944-
9 (RLIN) 2095
245 13 - MENCIÓN DE TÍTULO
Título La dominación haitiana 1822-1844 /
Mención de responsabilidad, etc. Frank Moya Pons.
250 ## - MENCIÓN DE EDICIÓN
Mención de edición 4ª ed.
260 ## - PUBLICACIÓN, DISTRIBUCIÓN, ETC.
Lugar de publicación, distribución, etc. Santo Domingo :
Nombre del editor, distribuidor, etc. Librería La Trinitaria,
Fecha de publicación, distribución, etc. 2013.
300 ## - DESCRIPCIÓN FÍSICA
Extensión 178 p. :
Otras características físicas il., tabls. ;
Dimensiones 23 cm.
500 ## - NOTA GENERAL
Nota general Incluye índice de nombres, lugares y materias.
500 ## - NOTA GENERAL
Nota general Incluye bibliografía y notas al pie de páginas.
504 ## - NOTA DE BIBLIOGRAFÍA, ETC.
Nota de bibliografía, etc. Bibliografía : p. 159-162.
505 0# - NOTA DE CONTENIDO CON FORMATO
Información miscelánea Prefacio --
Título La invasión de Boyer (1820-1822) --
-- La cuestión de la tierra (1822-1825) --
-- Deuda pública, crisis económica y oposición política (1826-1834) --
-- La caída de Boyer: conspiración y reforma (1834-1843) --
-- El fin de la dominación haitiana (1843-1844) --
Información miscelánea Apéndices: Proclama al Pueblo de Juan Pedro Boyer, Presidente de Haití, 9 de febrero de 1822 --
-- Bibliografía --
-- Índice de nombres, lugares y materias.
590 ## - NOTA LOCAL (RLIN)
Nota local Inventariado, 2020/YL
651 #4 - PUNTO DE ACCESO ADICIONAL DE MATERIA--NOMBRE GEOGRÁFICO
Nombre geográfico República Dominicana
Subdivisión general Historia
Subdivisión cronológica Ocupación haitiana 1822-1844
9 (RLIN) 7666
651 #4 - PUNTO DE ACCESO ADICIONAL DE MATERIA--NOMBRE GEOGRÁFICO
Nombre geográfico República Dominicana
Subdivisión general Política y gobierno
Subdivisión cronológica Ocupaciión haitiana1822-1844
9 (RLIN) 54469
910 ## - DATOS DE OPCIÓN DEL USUARIO (OCLC)
Datos de opción del usuario Validado. Control de calidad EMS
942 ## - ELEMENTOS DE PUNTO DE ACCESO ADICIONAL (KOHA)
Fuente del sistema de clasificación o colocación Dewey Decimal Classification
Tipo de ítem Koha Libro
Existencias
Estado de retiro Estado de pérdida Fuente del sistema de clasificación o colocación Restricciones de uso No para préstamo Código de colección Localización permanente Ubicación/localización actual Ubicación en estantería Fecha de adquisición Signatura topográfica completa Código de barras Fecha visto por última vez Precio válido a partir de Tipo de ítem Koha Número de copia Fuente de adquisición Total de préstamos Nota pública
    Dewey Decimal Classification Excluido de préstamo   Patrimonio Dominicano Biblioteca Nacional Pedro Henríquez Ureña Biblioteca Nacional Pedro Henríquez Ureña Depósito 28.01.2014 BNPHU PD 972.9304 M938d, 2013 42572-10 25.06.2020 25.06.2020 Libro        
    Dewey Decimal Classification Excluido de préstamo   Patrimonio Dominicano Biblioteca Nacional Pedro Henríquez Ureña Biblioteca Nacional Pedro Henríquez Ureña Depósito 20.02.2014 BNPHU PD 972.9304 M938d, 2013 42572-20 25.06.2020 25.06.2020 Libro e. 2      
    Dewey Decimal Classification Préstamo en sala   Dominicana de Servicio Biblioteca Nacional Pedro Henríquez Ureña Biblioteca Nacional Pedro Henríquez Ureña Depósito 09.05.2024 BNPHU DS 972.9304 M938d, 2013 2024-2863 09.05.2024 09.05.2024 Libro e.3 Donación   Perteneció a la biblioteca personal de Emilio Cordero Michel.

Con tecnología Koha